Problemas y ejercicios de análisis matemático
Guardat en:
| Autors principals: | , |
|---|---|
| Format: | Llibre |
| Idioma: | espanyol |
| Publicat: |
Madrid
Paraninfo
1978
|
| Edició: | 6a. ed |
| Matèries: | |
| Etiquetes: |
Afegir etiqueta
Sense etiquetes, Sigues el primer a etiquetar aquest registre!
|
MARC
| LEADER | 00000nam a2200000 a 4500 | ||
|---|---|---|---|
| 001 | UCV3963 | ||
| 003 | CL-VaPUC | ||
| 008 | 881007e19780000SP |||||||||||||||||spa|d | ||
| 082 | 0 | 4 | |a 515 |b DEM |2 21 |
| 100 | 0 | |a Demidovich, Boris Pavlovich |e author |9 298359 | |
| 700 | 0 | |a Baranenkov, G. S |e author |9 298360 | |
| 245 | 1 | 0 | |a Problemas y ejercicios de análisis matemático |
| 250 | |a 6a. ed | ||
| 300 | |a 525 p | ||
| 942 | |c BK | ||
| 945 | |d 19881007 00:00:00 |a mfernand | ||
| 260 | |a Madrid |b Paraninfo |c 1978 | ||
| 650 | 0 | |a Análisis matemático |9 260146 | |
| 650 | 0 | |a Problemas, ejercicios, etc |9 259377 | |
| 583 | |a last modification |c 19881007 00:00:00 |k Rodrigo Vera | ||
| 999 | |c 211037 |d 211035 | ||
| 952 | |0 0 |1 0 |2 ddc |4 0 |6 515_000000000000000_DEM_1978 |7 0 |8 A |9 188480 |a BIBING |b BIBING |c GEN |d 2019-11-14 |i 3060454 |o 515 DEM 1978 |p 3060454 |r 2025-01-20 |w 2019-11-14 |y BK |k ING | ||
| 952 | |0 0 |1 0 |2 ddc |4 0 |6 515_000000000000000_DEM_1978 |7 0 |8 A |9 188482 |a BIBING |b BIBING |c RES |d 2019-11-14 |i 3060489 |o 515 DEM 1978 |p 3060489 |r 2025-01-20 |w 2019-11-14 |y BK |k ING | ||
| 952 | |0 0 |1 0 |2 ddc |4 0 |6 515_000000000000000_DEM_1978 |7 0 |8 A |9 188483 |a BIBING |b BIBING |c RES |d 2019-11-14 |i 306090K |o 515 DEM 1978 |p 306090K |r 2025-01-20 |w 2019-11-14 |y BK |k ING | ||
| 952 | |0 0 |1 0 |2 ddc |4 0 |6 515_000000000000000_DEM_1978 |7 0 |8 A |9 188484 |a BIBING |b BIBING |c RES |d 2019-11-14 |i 3060926 |o 515 DEM 1978 |p 3060926 |r 2025-01-20 |w 2019-11-14 |y BK |k ING | ||
| 952 | |0 0 |1 0 |2 ddc |4 0 |6 515_000000000000000_DEM_1978 |7 0 |8 A |9 188485 |a BIBING |b BIBING |c RES |d 2019-11-14 |i 3060934 |o 515 DEM 1978 |p 3060934 |r 2025-01-20 |w 2019-11-14 |y BK |k ING | ||
| 952 | |0 0 |1 0 |2 ddc |4 0 |6 515_000000000000000_DEM_1978 |7 0 |8 A |9 188486 |a BIBING |b BIBING |c RES |d 2019-11-14 |i 3060942 |l 2 |o 515 DEM 1978 |p 3060942 |r 2025-01-20 |s 2023-05-12 |w 2019-11-14 |y BK |k ING | ||
| 952 | |0 0 |1 0 |4 0 |6 515_000000000000000_DEM_1978 |7 0 |8 A |9 188487 |a BIBCUR |b BIBCUR |d 2019-11-14 |i 1782479 |o 515 DEM 1978 |p 1782479 |r 2025-04-22 |w 2019-11-14 |y BK |k BCB | ||
| 952 | |0 0 |1 0 |4 0 |6 515_000000000000000_DEM_1978 |7 0 |8 A |9 188488 |a BIBMAT |b BIBMAT |d 2019-11-14 |i 1302000 |l 2 |o 515 DEM 1978 |p 1302000 |r 2025-01-07 |s 2022-06-14 |w 2019-11-14 |y BK |k MAT | ||